Paroles - Quelque chose de Tennessee - Johnny Hallyday - Statistiques

Statistiques générales
  • Ce quiz a été pris 78 fois
  • Le résultat moyen est 149 sur 194
Statistiques - réponses
Réponse % Correct
chose
100%
de
100%
nous
100%
quelque
100%
Quelque
100%
a
98%
à
98%
À
98%
en
98%
tennessee
98%
Tennessee
98%
On
97%
tous
97%
Ce
95%
ce
95%
vie
93%
un
91%
une
91%
Cette
90%
cette
90%
la
90%
autre
86%
vivre
86%
nuit
83%
lui
81%
qui
79%
désir
78%
volonté
78%
fou
76%
avec
74%
Avec
74%
Oh
74%
prolonger
74%
rêve
74%
envie
72%
mots
72%
72%
ses
72%
vers
69%
l'infini
67%
pousse
64%
son
64%
c'était
60%
et
60%
Le
60%
le
60%
Comme
55%
comme
55%
force
55%
formidable
55%
cri
53%
Si
53%
Il
52%
peu
50%
Quand
50%
dans
48%
coeur
47%
l'heure
47%
tellement
47%
bruit
45%
corps
45%
d'amour
45%
folie
45%
Sans
43%
sans
43%
Ainsi
41%
d'envie
41%
s'éteint
40%
vivait
40%
démoli
38%
d'autres
36%
endormi
36%
étoile
36%
heures
36%
s'aiment
36%
s'est
36%
seul
36%
sentiment
34%
ville
34%
y'a
34%
Y'a
34%
ami
31%
amour
31%
certaines
31%
disparut
28%
voix
28%
éclat
22%
flotte
21%
fièvre
17%
Aucun quiz correspondant
Distribution des résultats
% des personnes avec chaque résultat
Percentile par nombre de réponses
Votre historique - résultats
Vous n’avez pas pris ce quiz